All Lil Skies Songs - Statistics

General Stats
  • This quiz has been taken 561 times
    314 since last reset
  • The average score is 31 of 81
Answer Stats
Album Song % Correct
Shelby I
89%
Life of a Dark Rose Red Roses
84%
Life of a Dark Rose Nowadays
78%
Life of a Dark Rose Lust
75%
Life of a Dark Rose Welcome to the Rodeo
70%
Life of a Dark Rose Lettuce Sandwich
62%
Single #2 Creeping
59%
Shelby Nowadays, Pt. 2
59%
Unbothered Havin' My Way
57%
Single #9 Magic
54%
Life of a Dark Rose Cloudy Skies
53%
Unbothered Ok
53%
Shelby Bad Girls
52%
Unbothered Take 5
52%
Life of a Dark Rose The Clique
52%
Unbothered Riot
51%
Shelby Name in the Sand
50%
Life of a Dark Rose Garden
49%
Shelby Stop the Madness
48%
Shelby Blue Strips
47%
Single #6 Opps Want Me Dead
47%
Life of a Dark Rose Big Money
46%
Life of a Dark Rose Boss Up
46%
Good Grades.Bad Habits 2 I Know
46%
Life of a Dark Rose Kill4u
46%
Life of a Dark Rose Signs of Jealousy
46%
Shelby Breathe
45%
Shelby Ok 4 Now
45%
Unbothered Fade Away
44%
Single #8 Going Off
44%
Single #12 Fidget
43%
Shelby No Rainy Days
43%
Unbothered Red Wine & Jodeci
43%
Life of a Dark Rose Strictly Business
43%
Shelby Flooded
42%
Shelby Mansion
42%
Single #5 No Rest
42%
Single #7 Real Ties
42%
Unbothered Excite Me
41%
Single I Know You
41%
Unbothered On Sight
41%
Unbothered Dead Broke
40%
Life of a Dark Rose Tell My Haters
40%
Single #4 World Rage
40%
Shelby When I'm Wasted
39%
Unbothered Locked Up
38%
Single #3 Pop Star
38%
Shelby Highs and Lows
36%
Unbothered Mhmmm
36%
Single #10 More Money More Ice
36%
Unbothered Sky High
36%
Unbothered Trust Nobody
36%
Single #15 My Baby
35%
Unbothered Think Deep Don't Sink
35%
Shelby Through the Motions
35%
Single #14 Lightbeam
32%
Alone Fake
25%
Alone Life
24%
Alone Don't Love Me
23%
Alone Drift
23%
Alone N.E.W.S.
19%
Alone Paranoia
18%
Alone Pump 93
18%
Alone Some Way
18%
Good Grades.Bad Habits 2 Tokyo
18%
Good Grades.Bad Habits 2 Da Sauce
17%
Good Grades.Bad Habits 2 Twenty-Sixteen
17%
Alone Foreign Whip
16%
Good Grades.Bad Habits 2 Some Kind of Love
16%
Good Grades.Bad Habits 2 Always Lit
15%
Alone Groupies
15%
Good Grades.Bad Habits 2 Russel
15%
Glowing Microphones Legendary
14%
Good Grades.Bad Habits 2 Catch the Wave
12%
Good Grades.Bad Habits 2 Palace
12%
Glowing Microphones Celebration
11%
Glowing Microphones Dopest on the Mic
11%
Glowing Microphones Barz
10%
Good Grades.Bad Habits 2 Regular
10%
Glowing Microphones S.K.G. Anthem
10%
Glowing Microphones No Matter What
8%
No matching quizzes found
Score Distribution
Percent of People with Each Score
Percentile by Number Answered
Your Score History
You have not taken this quiz since the last reset